Les germains avant le christianisme (Record no. 161204)

MARC details
000 -LEADER
campo de control de longitud fija 00931nam a2200217 i 4500
001 - NÚMERO DE CONTROL
campo de control 161204
003 - IDENTIFICADOR DE NÚMERO DE CONTROL
campo de control ES-MaACL
005 - FECHA Y HORA DE LA ÚLTIMA TRANSACCIÓN
campo de control 20230906212221.0
008 - DATOS DE LONGITUD FIJA--INFORMACIÓN GENERAL
campo de control de longitud fija 011025s1855 fr |||| | fre d
040 ## - FUENTE DE CATALOGACIÓN
Centro catalogador/agencia de origen CAM
Lengua de catalogación spa
Centro/agencia transcriptor CAM
100 0# - ENTRADA PRINCIPAL--NOMBRE DE PERSONA
Nombre de persona Federico Ozanam
Títulos y otros términos asociados al nombre Beato.
9 (RLIN) 88069
245 14 - MENCIÓN DEL TÍTULO
Título Les germains avant le christianisme
Resto del título : recherches sur les origines, les traditions, les institutions des peuples germaniques, et sur leur établissement dasn l'empire romain /
Mención de responsabilidad, etc. A.F. Ozaman.
250 ## - MENCION DE EDICION
Mención de edición 2e éd.
260 ## - PUBLICACIÓN, DISTRIBUCIÓN, ETC.
Lugar de publicación, distribución, etc. Paris :
Nombre del editor, distribuidor, etc. Jacques Lecoffre et c\pie\s éditeurs,
Fecha de publicación, distribución, etc. 1855 (
Fabricante Imp. Simon Raçon et comp.)
300 ## - DESCRIPCIÓN FÍSICA
Extensión 447 p. ;
Dimensiones 22 cm.
490 1# - MENCIÓN DE SERIE
Mención de serie Oeuvres complètes de A.F. Ozanam ;
Designación de volumen o secuencia 3.
Mención de serie Etudes germaniques. 1
651 #4 - PUNTO DE ACCESO ADICIONAL DE MATERIA--NOMBRE GEOGRÁFICO
Nombre geográfico Alemania-
Subdivisión general Historia-
Subdivisión cronológica Hasta 843.
9 (RLIN) 164764
830 0# - PUNTO DE ACCESO ADICIONAL DE SERIE-TÍTULO UNIFORME
Título uniforme Oeuvres complètes de A.F. Ozanam ;
Designación de volumen o secuencia 3.
Título uniforme Etudes germaniques. 1
9 (RLIN) 222091
852 ## - LOCALIZACIÓN
Ubicación ES-MaACL
Número de control de estantería G-8320
Nota libre - Enc. hol.
Holdings
Estatus retirado Estado de pérdida Estado de daño No para préstamo Colección Biblioteca de origen Biblioteca actual Ubicación en estantería Fecha de adquisición Fuente de adquisición Total de préstamos Signatura topográfica completa Código de barras Visto por última vez Precio de reemplazo Tipo de ítem Koha
        Libros del s. XIX Biblioteca del Ateneo de Madrid Biblioteca del Ateneo de Madrid Sala Pecera Planta 3 17/01/2008     G-8320 1168848 23/02/2023 23/02/2023 Libro impreso antiguo